[Event "Madrid-chT 1617"]
[Site "Madrid"]
[Date "2016.11.27"]
[Round "2.34"]
[White "Renteria Becerra, Jorge Elicer"]
[Black "Bass, Leonid"]
[Result "1/2-1/2"]
[WhiteElo "2226"]
[BlackElo "2368"]
[PlyCount "33"]
[EventDate "2016.11.20"]
[EventType "team-tourn"]
[EventRounds "14"]
[EventCountry "ESP"]
[SourceTitle "EXT 2018"]
[Source "ChessBase"]
[SourceDate "2017.10.13"]
[SourceVersion "1"]
[SourceVersionDate "2017.10.13"]
[SourceQuality "1"]
[WhiteTeam "Blanco y Negro"]
[BlackTeam "La Casa del Ajedrez"]
[WhiteTeamCountry "ESP"]
[BlackTeamCountry "ESP"]

1. e4 c6 2. d4 d5 3. e5 Bf5 4. h4 h5 5. Bg5 Qb6 6. Bd3 Bxd3 7. Qxd3 e6 8. Nd2 Ne7 9. Ngf3 Nf5 10. 0-0 Qa6 11. c4 dxc4 12. Nxc4 Nd7 13. Qc2 Nb6 14. Ne3 Ne7 15. Nd2 Ned5 16. a3 Rc8 17. b4 1/2-1/2

[Event "Madrid-chT 1314"]
[Site "Madrid"]
[Date "2014.03.09"]
[Round "13.24"]
[White "Fernandez Gil, Ruben Carlos"]
[Black "Bass, Leonid"]
[Result "0-1"]
[WhiteElo "2043"]
[BlackElo "2417"]
[PlyCount "60"]
[EventDate "2013.11.16"]
[EventType "team-tourn"]
[EventRounds "14"]
[EventCountry "ESP"]
[SourceTitle "EXT 2015"]
[Source "ChessBase"]
[SourceDate "2014.11.20"]
[SourceVersion "1"]
[SourceVersionDate "2014.11.20"]
[SourceQuality "1"]
[WhiteTeam "San Fernando de Henares"]
[BlackTeam "La Casa del Ajedrez"]
[WhiteTeamCountry "ESP"]
[BlackTeamCountry "ESP"]

1. e4 c6 2. d4 d5 3. exd5 cxd5 4. c4 Nf6 5. Nc3 g6 6. cxd5 Nxd5 7. Bc4 Nb6 8. Bb3 Bg7 9. Nge2 0-0 10. 0-0 Nc6 11. Be3 Na5 12. Rc1 Nxb3 13. axb3 Bg4 14. f3 Be6 15. Ne4 Nd5 16. Bd2 b6 17. Qc2 Qd7 18. Qd3 a5 19. Rfd1 Rfd8 20. Kh1 Nc7 21. Bf4 Nb5 22. Rd2 Qd5 23. N2c3 Nxc3 24. bxc3 Qxb3 25. Rb1 Qa3 26. Bc7 Rd7 27. Bxb6 Bf5 28. Qc4 Rb7 29. Ra2 Rxb6 30. Rd1 Qb3 0-1

[Event "Madrid-chT 1314"]
[Site "Madrid"]
[Date "2014.01.12"]
[Round "5.24"]
[White "Rudolf, Anna"]
[Black "Bass, Leonid"]
[Result "0-1"]
[WhiteElo "2281"]
[BlackElo "2417"]
[PlyCount "76"]
[EventDate "2013.11.16"]
[EventType "team-tourn"]
[EventRounds "14"]
[EventCountry "ESP"]
[SourceTitle "EXT 2015"]
[Source "ChessBase"]
[SourceDate "2014.11.20"]
[SourceVersion "1"]
[SourceVersionDate "2014.11.20"]
[SourceQuality "1"]
[WhiteTeam "Virgen de Atocha"]
[BlackTeam "La Casa del Ajedrez"]
[WhiteTeamCountry "ESP"]
[BlackTeamCountry "ESP"]

1. e4 c6 2. Nc3 d5 3. Nf3 Bg4 4. h3 Bxf3 5. Qxf3 Nf6 6. g3 e6 7. Bg2 Be7 8. 0-0 0-0 9. d3 a5 10. Qe2 a4 11. Kh2 a3 12. b3 Qa5 13. Nd1 Na6 14. Bd2 Qc5 15. c3 dxe4 16. d4 Qb5 17. Qxb5 cxb5 18. b4 Nc7 19. Re1 Rfc8 20. Rc1 Nce8 21. Bf4 Nd5 22. Rxe4 Nef6 23. Re2 Nxf4 24. gxf4 Bd6 25. Ne3 Bxf4+ 26. Kg1 Rc7 27. Rec2 Rac8 28. c4 Bxe3 29. fxe3 Rxc4 30. Rxc4 Rxc4 31. Rb1 Rc2 32. Rb3 Rxa2 33. Bxb7 g6 34. Ba6 Ra1+ 35. Kg2 a2 36. Ra3 Nd5 37. Bxb5 Nxb4 38. Bc4 Rc1 0-1

[Event "Madrid-chT"]
[Site "Madrid"]
[Date "2012.02.26"]
[Round "12.32"]
[White "Vallejo Diaz, Javier"]
[Black "Bass, Leonid"]
[Result "1/2-1/2"]
[WhiteElo "2367"]
[BlackElo "2410"]
[PlyCount "86"]
[EventDate "2011.11.13"]
[EventType "team-tourn"]
[EventRounds "14"]
[EventCountry "ESP"]
[SourceTitle "EXT 2013"]
[Source "ChessBase"]
[SourceDate "2012.11.22"]
[SourceVersion "1"]
[SourceVersionDate "2012.11.22"]
[SourceQuality "1"]
[WhiteTeam "Amigos del Retiro"]
[BlackTeam "La Casa del Ajedrez"]
[WhiteTeamCountry "ESP"]
[BlackTeamCountry "ESP"]

1. e4 c6 2. d4 d5 3. Nd2 dxe4 4. Nxe4 Bf5 5. Ng3 Bg6 6. h4 h6 7. Nh3 Nf6 8. Nf4 Bh7 9. Bc4 e6 10. Qe2 Bd6 11. Ngh5 0-0 12. Be3 Nbd7 13. 0-0-0 Nxh5 14. Nxh5 Nf6 15. Bd3 Nxh5 16. Qxh5 Qf6 17. Qe2 Bf4 18. g4 Bxd3 19. Qxd3 Rfe8 20. g5 hxg5 21. hxg5 Bxg5 22. Qh7+ Kf8 23. Qh5 Bf4 24. Qc5+ Kg8 25. Bxf4 Qxf4+ 26. Kb1 g6 27. Qb4 Rab8 28. Qa3 a6 29. Qh3 Kg7 30. Qc3 e5 31. dxe5 Qxe5 32. Qd2 Rh8 33. Rhe1 Qf6 34. Qb4 Rh4 35. Qb6 Rh5 36. a4 Rh4 37. b3 Rf4 38. Re2 Rf3 39. Qc7 Qf4 40. Qb6 g5 41. Rg1 Kg6 42. Qc5 Rd8 43. Qe7 Rd5 1/2-1/2

[Event "Madrid-chT"]
[Site "Madrid"]
[Date "2012.02.05"]
[Round "9.23"]
[White "Alcazar Jimenez, Jesus Alberto"]
[Black "Bass, Leonid"]
[Result "1/2-1/2"]
[WhiteElo "2252"]
[BlackElo "2410"]
[PlyCount "70"]
[EventDate "2011.11.13"]
[EventType "team-tourn"]
[EventRounds "14"]
[EventCountry "ESP"]
[SourceTitle "EXT 2013"]
[Source "ChessBase"]
[SourceDate "2012.11.22"]
[SourceVersion "1"]
[SourceVersionDate "2012.11.22"]
[SourceQuality "1"]
[WhiteTeam "Blanco y Negro"]
[BlackTeam "La Casa del Ajedrez"]
[WhiteTeamCountry "ESP"]
[BlackTeamCountry "ESP"]

1. Nf3 Nf6 2. g3 d5 3. Bg2 c6 4. 0-0 Bf5 5. Nh4 Be4 6. f3 Bg6 7. Nxg6 hxg6 8. d4 c5 9. dxc5 e6 10. Be3 Na6 11. c4 Bxc5 12. Qa4+ Nd7 13. Bxc5 Naxc5 14. Qa3 dxc4 15. Nd2 b5 16. f4 Rb8 17. Qxa7 0-0 18. Rfd1 Qb6 19. Qxb6 Nxb6 20. Rac1 Rfd8 21. b3 cxb3 22. Nxb3 Rxd1+ 23. Rxd1 Nca4 24. Rc1 b4 25. Kf2 Nc3 26. a3 Nba4 27. axb4 Rxb4 28. Nc5 Nxc5 29. Rxc3 Rb5 30. Bc6 Ra5 31. Ke3 Kf8 32. Kd4 Na6 33. Bb7 Ra4+ 34. Ke3 Ke7 35. g4 Ra5 1/2-1/2

[Event "Madrid-chT"]
[Site "Madrid"]
[Date "2012.01.15"]
[Round "6.13"]
[White "Bass, Leonid"]
[Black "Renteria Becerra, Jorge Elicer"]
[Result "1-0"]
[WhiteElo "2410"]
[BlackElo "2328"]
[PlyCount "73"]
[EventDate "2011.11.13"]
[EventType "team-tourn"]
[EventRounds "14"]
[EventCountry "ESP"]
[SourceTitle "EXT 2013"]
[Source "ChessBase"]
[SourceDate "2012.11.22"]
[SourceVersion "1"]
[SourceVersionDate "2012.11.22"]
[SourceQuality "1"]
[WhiteTeam "La Casa del Ajedrez"]
[BlackTeam "Villalba"]
[WhiteTeamCountry "ESP"]
[BlackTeamCountry "ESP"]

1. d4 Nf6 2. c4 c5 3. d5 b5 4. cxb5 a6 5. bxa6 g6 6. Nc3 Bxa6 7. g3 d6 8. Bg2 Bg7 9. Nf3 0-0 10. 0-0 Nbd7 11. Rb1 Qa5 12. Bd2 Rfb8 13. a4 Ng4 14. Qc2 Qb6 15. b3 Bb7 16. h3 Ngf6 17. e4 Ne8 18. Rfe1 Qd8 19. Bf4 Nb6 20. Nd2 Nc7 21. Nc4 Bc8 22. Qd2 Nxc4 23. bxc4 Rb4 24. e5 Rxc4 25. Nb5 Ne8 26. Qe2 Rcxa4 27. exd6 Nxd6 28. Nxd6 exd6 29. Qe8+ Qxe8 30. Rxe8+ Bf8 31. Bxd6 Bf5 32. Rbb8 Rxb8 33. Rxb8 c4 34. Bxf8 h5 35. Bb4+ Kh7 36. Bc3 g5 37. Rb4 1-0

[Event "Madrid-chT 1011"]
[Site "Madrid"]
[Date "2011.03.13"]
[Round "13.43"]
[White "Bass, Leonid"]
[Black "Rubio Mejia, Luis Ignacio"]
[Result "1/2-1/2"]
[WhiteElo "2415"]
[BlackElo "2409"]
[PlyCount "96"]
[EventDate "2010.11.21"]
[EventType "team-tourn"]
[EventRounds "14"]
[EventCountry "ESP"]
[SourceTitle "EXT 2012"]
[Source "ChessBase"]
[SourceDate "2011.11.24"]
[SourceVersion "1"]
[SourceVersionDate "2011.11.24"]
[SourceQuality "1"]
[WhiteTeam "La Casa del Ajedrez"]
[BlackTeam "Virgen de Atocha"]
[WhiteTeamCountry "ESP"]
[BlackTeamCountry "ESP"]

1. d4 Nf6 2. c4 e6 3. Nf3 b6 4. g3 Bb7 5. Bg2 Be7 6. 0-0 0-0 7. Nc3 Ne4 8. Qc2 Nxc3 9. Qxc3 d6 10. b3 f5 11. Qe3 Qc8 12. Bb2 Bf6 13. Rfd1 Be4 14. Ne1 Bxg2 15. Nxg2 Nc6 16. Rd2 Qd7 17. d5 Nd8 18. dxe6 Nxe6 19. Bxf6 Rxf6 20. Nf4 Nxf4 21. Qxf4 Re8 22. Qf3 a5 23. Rad1 Qf7 24. e3 Re4 25. Rd5 g6 26. h4 Rfe6 27. Kg2 Qg7 28. R1d4 Qf6 29. Qd1 Kf7 30. h5 Kg7 31. hxg6 hxg6 32. Rxe4 Rxe4 33. Rd4 Re7 34. Qf3 Qe5 35. g4 fxg4 36. Rxg4 Rf7 37. Qd5 Qb2 38. Qd4+ Qxd4 39. Rxd4 Re7 40. Kf3 g5 41. Kg4 Kf6 42. Rd5 Re4+ 43. Kg3 Re8 44. Kf3 Rh8 45. Kg2 Ra8 46. a4 Rh8 47. f3 Rh4 48. Rd1 Rh8 1/2-1/2

[Event "Madrid-chT 1011"]
[Site "Madrid"]
[Date "2011.03.06"]
[Round "12.23"]
[White "Bass, Leonid"]
[Black "Arribas Lopez, Angel"]
[Result "0-1"]
[WhiteElo "2415"]
[BlackElo "2439"]
[PlyCount "108"]
[EventDate "2010.11.21"]
[EventType "team-tourn"]
[EventRounds "14"]
[EventCountry "ESP"]
[SourceTitle "EXT 2012"]
[Source "ChessBase"]
[SourceDate "2011.11.24"]
[SourceVersion "1"]
[SourceVersionDate "2011.11.24"]
[SourceQuality "1"]
[WhiteTeam "La Casa del Ajedrez"]
[BlackTeam "Leganes"]
[WhiteTeamCountry "ESP"]
[BlackTeamCountry "ESP"]

1. Nf3 d6 2. d4 Nf6 3. c4 g6 4. Nc3 Bg7 5. e4 0-0 6. h3 c5 7. d5 e6 8. Bd3 exd5 9. exd5 Re8+ 10. Be3 Bh6 11. 0-0 Bxe3 12. fxe3 Qe7 13. e4 Nbd7 14. Qd2 Kg7 15. Rf2 Rf8 16. Qg5 h6 17. Qh4 g5 18. Nxg5 Ne5 19. Nh7 Ng8 20. Qxe7 Nxe7 21. Nxf8 Nxd3 22. Rf3 Ne5 23. Rg3+ Kxf8 24. Nb5 N7g6 25. Nxd6 Ke7 26. Nxc8+ Rxc8 27. b3 a6 28. a4 Nf4 29. Kf2 Rd8 30. a5 Nh5 31. Re3 Rd6 32. g3 Ng7 33. g4 h5 34. gxh5 Rf6+ 35. Ke2 Nxh5 36. Rg1 Nf4+ 37. Kd2 Nfg6 38. Kc3 Rf2 39. b4 Nf4 40. Rg5 Nf3 41. Rf5 Nh4 42. bxc5 Nxf5 43. exf5+ Kd8 44. Kd4 f6 45. Rb3 Ne2+ 46. Ke3 Rf3+ 47. Kxf3 Nd4+ 48. Ke4 Nxb3 49. c6 bxc6 50. h4 Nxa5 51. c5 Nc4 52. h5 Ne5 53. h6 Nf7 54. h7 Ng5+ 0-1

[Event "Pablo Gorbea Memorial 7th"]
[Site "Madrid"]
[Date "2003.09.07"]
[Round "7"]
[White "Gallardo Estrella, Alvaro"]
[Black "Bass, Leonid"]
[Result "1/2-1/2"]
[WhiteElo "2128"]
[BlackElo "2444"]
[PlyCount "68"]
[EventDate "2003.09.01"]
[EventType "swiss"]
[EventRounds "9"]
[EventCountry "ESP"]
[SourceTitle "CBM 096 Extra"]
[Source "ChessBase"]
[SourceDate "2003.10.22"]
[SourceVersion "2"]
[SourceVersionDate "2003.10.20"]
[SourceQuality "1"]

1. e4 d6 2. d4 Nf6 3. Nc3 g6 4. f4 Bg7 5. Nf3 0-0 6. Be3 a6 7. e5 Ng4 8. Bg1 c5 9. d5 Qa5 10. h3 Nh6 11. Qd2 Nf5 12. Bh2 dxe5 13. Nxe5 b5 14. g4 Nd6 15. Bg2 Nd7 16. Nc6 Qb6 17. 0-0 Bb7 18. Nxe7+ Kh8 19. f5 Nc4 20. Qc1 Rae8 21. Nc6 Ne3 22. Qd2 b4 23. Ne4 Nxg2 24. Qxg2 Bxc6 25. dxc6 Qxc6 26. Rae1 Bxb2 27. Nd6 Bd4+ 28. Kh1 Qxg2+ 29. Kxg2 Rxe1 30. Rxe1 Nb6 31. Re7 Nd5 32. Nxf7+ Kg7 33. Be5+ Bxe5 34. Rxe5 Rxf7 1/2-1/2

[Event "Pablo Gorbea Memorial 7th"]
[Site "Madrid"]
[Date "2003.09.06"]
[Round "6"]
[White "Bass, Leonid"]
[Black "Dovramadjiev, Tihomir"]
[Result "1/2-1/2"]
[WhiteElo "2444"]
[BlackElo "2312"]
[PlyCount "37"]
[EventDate "2003.09.01"]
[EventType "swiss"]
[EventRounds "9"]
[EventCountry "ESP"]
[SourceTitle "CBM 096 Extra"]
[Source "ChessBase"]
[SourceDate "2003.10.22"]
[SourceVersion "2"]
[SourceVersionDate "2003.10.20"]
[SourceQuality "1"]

1. d4 d5 2. c4 e6 3. Nc3 c6 4. cxd5 exd5 5. Bf4 Bd6 6. Bxd6 Qxd6 7. e3 Bf5 8. Nge2 Nd7 9. Ng3 Bg6 10. Bd3 Ne7 11. 0-0 0-0 12. Bxg6 hxg6 13. Rb1 a5 14. a3 Nb6 15. Na4 Nxa4 16. Qxa4 Nc8 17. Qc2 a4 18. b4 axb3 19. Rxb3 1/2-1/2

[Event "Pablo Gorbea Memorial 7th"]
[Site "Madrid"]
[Date "2003.09.04"]
[Round "4"]
[White "Bass, Leonid"]
[Black "Perez Cameselle, Francisco Jose"]
[Result "1-0"]
[WhiteElo "2444"]
[BlackElo "2057"]
[PlyCount "61"]
[EventDate "2003.09.01"]
[EventType "swiss"]
[EventRounds "9"]
[EventCountry "ESP"]
[SourceTitle "CBM 096 Extra"]
[Source "ChessBase"]
[SourceDate "2003.10.22"]
[SourceVersion "2"]
[SourceVersionDate "2003.10.20"]
[SourceQuality "1"]

1. d4 Nf6 2. c4 c5 3. d5 b5 4. Nf3 Bb7 5. Nc3 b4 6. Nb1 e6 7. dxe6 fxe6 8. g3 Be7 9. Bg2 0-0 10. 0-0 Qe8 11. Bf4 Qh5 12. Bd6 Bxd6 13. Qxd6 Ne4 14. Qc7 Bc6 15. Rd1 d5 16. Nbd2 Nf6 17. a3 Qf7 18. Qd6 Nfd7 19. Bh3 Kh8 20. Bxe6 Qf6 21. cxd5 Bb5 22. Re1 a5 23. a4 Ba6 24. Ne4 Qxb2 25. Nfg5 h6 26. Nf7+ Kh7 27. Rab1 Qc2 28. Bf5+ Kg8 29. Nxh6+ Kh8 30. Qg6 Nf6 31. Nxf6 1-0

[Event "Pablo Gorbea Memorial 7th"]
[Site "Madrid"]
[Date "2003.09.03"]
[Round "3"]
[White "Madina Yadarola, Martin"]
[Black "Bass, Leonid"]
[Result "1-0"]
[WhiteElo "2262"]
[BlackElo "2444"]
[PlyCount "100"]
[EventDate "2003.09.01"]
[EventType "swiss"]
[EventRounds "9"]
[EventCountry "ESP"]
[SourceTitle "CBM 096 Extra"]
[Source "ChessBase"]
[SourceDate "2003.10.22"]
[SourceVersion "2"]
[SourceVersionDate "2003.10.20"]
[SourceQuality "1"]

1. e4 c6 2. d4 d5 3. Nd2 dxe4 4. Nxe4 Nf6 5. Nxf6+ exf6 6. c3 Bd6 7. Bd3 0-0 8. Ne2 c5 9. Qc2 g6 10. Be3 Qc7 11. h4 f5 12. dxc5 Bxc5 13. Bxc5 Qxc5 14. h5 Nc6 15. hxg6 fxg6 16. Qb3+ Kg7 17. 0-0-0 Qxf2 18. Kb1 f4 19. Qb5 Rf5 20. Bxf5 Bxf5+ 21. Ka1 Re8 22. Qxb7+ Re7 23. Qxc6 Qxe2 24. Qa4 g5 25. Qd4+ Kg6 26. Qd6+ Kf7 27. Qd5+ Kg6 28. Qg8+ Kf6 29. Qf8+ Rf7 30. Qh6+ Bg6 31. Qh3 Re7 32. Rd6+ Kf7 33. Rd7 Qe6 34. Rxe7+ Kxe7 35. Qf3 Kf6 36. Qf2 Qd5 37. Rc1 Be4 38. c4 Qe5 39. c5 Bc6 40. Rd1 Kf5 41. Re1 Qd5 42. Qe2 h5 43. a3 h4 44. Qc2+ Kg4 45. Re2 h3 46. gxh3+ Kxh3 47. Rd2 Qe4 48. Rh2+ Kg4 49. Qd1+ Qf3 50. Qd6 Be4 1-0

[Event "Collado Villalba op-A 20th"]
[Site "Collado Villalba"]
[Date "2003.08.26"]
[Round "5"]
[White "Bass, Leonid"]
[Black "Alonso Fernandez, Marcos"]
[Result "1/2-1/2"]
[WhiteElo "2444"]
[BlackElo "2175"]
[PlyCount "85"]
[EventDate "2003.08.22"]
[EventType "swiss"]
[EventRounds "9"]
[EventCountry "ESP"]
[SourceTitle "EXT 2004"]
[Source "ChessBase"]
[SourceDate "2003.11.25"]
[SourceVersion "1"]
[SourceVersionDate "2003.11.25"]
[SourceQuality "1"]

1. d4 d5 2. c4 e6 3. Nc3 Be7 4. cxd5 exd5 5. Bf4 Nf6 6. e3 0-0 7. Bd3 c5 8. Nf3 Nc6 9. 0-0 Bg4 10. dxc5 Bxc5 11. h3 Bxf3 12. Qxf3 d4 13. Ne4 Nxe4 14. Bxe4 dxe3 15. Qh5 exf2+ 16. Kh1 f5 17. Bxf5 g6 18. Be6+ Kh8 19. Qxc5 Rxf4 20. Rxf2 Rxf2 21. Qxf2 Qd4 22. Qxd4+ Nxd4 23. Bd5 Rb8 24. Rd1 Nc6 25. Bxc6 bxc6 26. b3 a5 27. Rc1 Rb6 28. Kh2 Kg7 29. Kg3 Kf6 30. Kf3 Ke6 31. Rc5 Ra6 32. Ke4 Kd6 33. Kd4 Ra7 34. Rg5 Rf7 35. Rxa5 Rf2 36. Ra7 Rxg2 37. Rxh7 Rxa2 38. h4 Rg2 39. Rh6 Rg4+ 40. Kc3 Kc5 41. h5 Rg3+ 42. Kc2 gxh5 43. Rxh5+ 1/2-1/2

[Event "Collado Villalba op-A 20th"]
[Site "Collado Villalba"]
[Date "2003.08.25"]
[Round "4"]
[White "Vallejo Diaz, Jesus"]
[Black "Bass, Leonid"]
[Result "1/2-1/2"]
[WhiteElo "2145"]
[BlackElo "2444"]
[PlyCount "52"]
[EventDate "2003.08.22"]
[EventType "swiss"]
[EventRounds "9"]
[EventCountry "ESP"]
[SourceTitle "EXT 2004"]
[Source "ChessBase"]
[SourceDate "2003.11.25"]
[SourceVersion "1"]
[SourceVersionDate "2003.11.25"]
[SourceQuality "1"]

1. e4 c6 2. d4 d5 3. Nd2 dxe4 4. Nxe4 Bf5 5. Ng3 Bg6 6. h4 h6 7. Nh3 e6 8. Nf4 Bh7 9. Bc4 Nf6 10. Qe2 Qd6 11. Be3 Nbd7 12. 0-0-0 0-0-0 13. Nd3 Be7 14. Nh5 Nxh5 15. Qxh5 Nb6 16. Bb3 Bxd3 17. Rxd3 Rhf8 18. c4 Nd7 19. Rhd1 Nf6 20. Qa5 a6 21. Qe1 Ng4 22. g3 Nxe3 23. Qxe3 Bf6 24. h5 Rd7 25. f4 Rfd8 26. c5 Qf8 1/2-1/2

[Event "Alcobendas op"]
[Site "Alcobendas"]
[Date "1994.??.??"]
[Round "9"]
[White "Bass, Leonid"]
[Black "Izeta Txabarri, Felix"]
[Result "1/2-1/2"]
[WhiteElo "2495"]
[BlackElo "2505"]
[PlyCount "48"]
[EventDate "1994.11.??"]
[EventType "swiss"]
[EventRounds "9"]
[EventCountry "ESP"]
[SourceTitle "EXT 2000"]
[Source "ChessBase"]
[SourceDate "1999.11.16"]
[SourceVersion "1"]
[SourceVersionDate "1999.11.16"]
[SourceQuality "1"]

1. d4 Nf6 2. c4 e6 3. Nf3 Bb4+ 4. Nbd2 b6 5. a3 Bxd2+ 6. Bxd2 Bb7 7. Bg5 d6 8. e3 Nbd7 9. Bh4 h6 10. Qc2 g5 11. Bg3 Ne4 12. Nd2 Nxd2 13. Qxd2 f5 14. f3 Qf6 15. Be2 e5 16. 0-0-0 0-0-0 17. Qc3 Rhe8 18. Rhe1 Re7 19. d5 f4 20. Bf2 fxe3 21. Bxe3 Kb8 22. Bd3 c6 23. dxc6 Bxc6 24. Kb1 Nf8 1/2-1/2

[Event "Alcobendas op"]
[Site "Alcobendas"]
[Date "1994.??.??"]
[Round "8"]
[White "Corral Blanco, Juan Antonio"]
[Black "Bass, Leonid"]
[Result "0-1"]
[WhiteElo "2395"]
[BlackElo "2495"]
[PlyCount "72"]
[EventDate "1994.11.??"]
[EventType "swiss"]
[EventRounds "9"]
[EventCountry "ESP"]
[SourceTitle "EXT 2000"]
[Source "ChessBase"]
[SourceDate "1999.11.16"]
[SourceVersion "1"]
[SourceVersionDate "1999.11.16"]
[SourceQuality "1"]

1. d4 Nf6 2. c4 g6 3. Nc3 Bg7 4. e4 d6 5. Nf3 0-0 6. Be2 e5 7. 0-0 Nc6 8. d5 Ne7 9. Nd2 a5 10. Nb3 Nd7 11. Be3 b6 12. Nd2 f5 13. f3 f4 14. Bf2 g5 15. a3 Nf6 16. b4 g4 17. fxg4 axb4 18. Nb5 bxa3 19. Rxa3 Rxa3 20. Nxa3 Ng6 21. Nb5 Nd7 22. Qa4 Nc5 23. Qa7 f3 24. Nxf3 Nxe4 25. Be3 Nf4 26. Bd1 Bxg4 27. Qxc7 Qxc7 28. Nxc7 Nc3 29. Bb3 e4 30. Nd2 Bd4 31. Bxd4 Nfe2+ 32. Kh1 Rxf1+ 33. Nxf1 Nxd4 34. Ne3 Be2 35. Bc2 Bd3 36. Ne6 Nxc2 0-1

[Event "Madrid-B"]
[Site "Madrid"]
[Date "1993.??.??"]
[Round "?"]
[White "Bass, Leonid"]
[Black "Gallego Jimenez, Victoriano"]
[Result "1/2-1/2"]
[WhiteElo "2500"]
[BlackElo "2375"]
[PlyCount "94"]
[EventDate "1993.06.??"]
[EventType "tourn"]
[EventRounds "9"]
[EventCountry "ESP"]
[SourceTitle "EXT 1997"]
[Source "ChessBase"]
[SourceDate "1996.11.15"]
[SourceVersion "1"]
[SourceVersionDate "1996.11.15"]
[SourceQuality "1"]

1. d4 Nf6 2. c4 e6 3. Nc3 Bb4 4. e3 0-0 5. Bd3 d5 6. Nge2 c5 7. 0-0 b6 8. cxd5 exd5 9. Ng3 Re8 10. Bd2 Ba6 11. Bxa6 Nxa6 12. dxc5 Nxc5 13. a3 Bxc3 14. Bxc3 Nfe4 15. Nxe4 Nxe4 16. Qd4 Qg5 17. a4 Re6 18. h4 Nxc3 19. bxc3 Qf5 20. Rfd1 Re4 21. Qxd5 Qxd5 22. Rxd5 Rxh4 23. a5 bxa5 24. Raxa5 Rc4 25. Rxa7 Rf8 26. Rd3 g6 27. Kf1 Rfc8 28. Rdd7 Rf8 29. Rac7 Rc8 30. Rd8+ Rxd8 31. Rxc4 Rd2 32. g4 h5 33. gxh5 gxh5 34. Rf4 Rc2 35. c4 Kg7 36. Kg2 Kg6 37. Kf3 f6 38. Rd4 Kg5 39. Kg3 Rc3 40. Rd5+ Kg6 41. Rc5 Rc2 42. f3 Rc3 43. e4 h4+ 44. Kxh4 Rxf3 45. Kg4 Rf1 46. Rf5 Re1 47. Kf4 Rf1+ 1/2-1/2

[Event "Oviedo rapid"]
[Site "Oviedo"]
[Date "1993.??.??"]
[Round "10"]
[White "Bass, Leonid"]
[Black "Salov, Valery"]
[Result "0-1"]
[WhiteElo "2500"]
[BlackElo "2660"]
[PlyCount "46"]
[EventDate "1993.??.??"]
[EventType "swiss (rapid)"]
[EventRounds "13"]
[EventCountry "ESP"]
[SourceTitle "CBM 038 Extra"]
[Source "ChessBase"]
[SourceDate "1994.03.01"]
[SourceVersion "1"]
[SourceVersionDate "1994.03.01"]
[SourceQuality "1"]

1. d4 Nf6 2. c4 e6 3. Nf3 Bb4+ 4. Bd2 Qe7 5. g3 Nc6 6. Bg2 Bxd2+ 7. Nbxd2 d6 8. 0-0 e5 9. d5 Nb8 10. e4 a5 11. Ne1 0-0 12. Nd3 Na6 13. b3 Nb4 14. Nb2 Bg4 15. f3 Bd7 16. a3 Na6 17. Nd3 c6 18. dxc6 bxc6 19. f4 Bg4 20. Qe1 Qa7+ 21. Rf2 Qd4 22. Bf1 exf4 23. gxf4 Rae8 0-1

[Event "Madrid-B"]
[Site "Madrid"]
[Date "1993.??.??"]
[Round "?"]
[White "Elguezabal Varela, Daniel"]
[Black "Bass, Leonid"]
[Result "1/2-1/2"]
[WhiteElo "2300"]
[BlackElo "2500"]
[PlyCount "36"]
[EventDate "1993.06.??"]
[EventType "tourn"]
[EventRounds "9"]
[EventCountry "ESP"]
[SourceTitle "EXT 1997"]
[Source "ChessBase"]
[SourceDate "1996.11.15"]
[SourceVersion "1"]
[SourceVersionDate "1996.11.15"]
[SourceQuality "1"]

1. d4 Nf6 2. Nf3 g6 3. c4 Bg7 4. Nc3 0-0 5. g3 d6 6. Bg2 Nbd7 7. 0-0 e5 8. e4 exd4 9. Nxd4 a6 10. h3 Rb8 11. Nde2 Re8 12. Rb1 Nc5 13. f3 b5 14. b4 Ne6 15. Qd3 Nd7 16. f4 c5 17. cxb5 axb5 18. Be3 cxb4 1/2-1/2

[Event "Oviedo rapid"]
[Site "Oviedo"]
[Date "1993.??.??"]
[Round "5"]
[White "Gonzalez Mateos, Rafael"]
[Black "Bass, Leonid"]
[Result "0-1"]
[WhiteElo "2265"]
[BlackElo "2500"]
[PlyCount "75"]
[EventDate "1993.??.??"]
[EventType "swiss (rapid)"]
[EventRounds "13"]
[EventCountry "ESP"]
[SourceTitle "CBM 038 Extra"]
[Source "ChessBase"]
[SourceDate "1994.03.01"]
[SourceVersion "1"]
[SourceVersionDate "1994.03.01"]
[SourceQuality "1"]

1. d4 Nf6 2. c3 g6 3. Bg5 Bg7 4. Nd2 d6 5. e4 0-0 6. f4 Nbd7 7. e5 Nd5 8. Qf3 N7b6 9. 0-0-0 a5 10. Bd3 f6 11. exf6 exf6 12. Bh4 Qe8 13. Re1 Qf7 14. Ne2 a4 15. a3 f5 16. c4 Nf6 17. Nc3 c6 18. c5 dxc5 19. dxc5 Nbd5 20. Bc4 Ra5 21. Nxd5 cxd5 22. Bxf6 Qxf6 23. Qxd5+ Kh8 24. Qe5 Qxe5 25. fxe5 Rxc5 26. e6 b5 27. e7 Re8 28. Re2 bxc4 29. Rd1 Bb7 30. Nf3 Bxf3 31. Rd8 Bc6 32. Re6 Bb5 33. Rb6 Re5 34. Rxb5 R5xe7 35. Rbb8 Bh6+ 36. Kc2 Rxd8 37. Rxd8+ Kg7 38. Kc3 0-1

[Event "Oviedo rapid"]
[Site "Oviedo"]
[Date "1993.??.??"]
[Round "7"]
[White "Ribeiro, Fernando"]
[Black "Bass, Leonid"]
[Result "1/2-1/2"]
[WhiteElo "2180"]
[BlackElo "2500"]
[PlyCount "68"]
[EventDate "1993.??.??"]
[EventType "swiss (rapid)"]
[EventRounds "13"]
[EventCountry "ESP"]
[SourceTitle "CBM 038 Extra"]
[Source "ChessBase"]
[SourceDate "1994.03.01"]
[SourceVersion "1"]
[SourceVersionDate "1994.03.01"]
[SourceQuality "1"]

1. e4 c6 2. Nc3 d5 3. Qf3 Nf6 4. e5 Nfd7 5. d4 e6 6. Qg3 c5 7. Nf3 Nc6 8. Nb5 Nxd4 9. Nfxd4 cxd4 10. Nd6+ Bxd6 11. exd6 0-0 12. Bd3 e5 13. 0-0 Qf6 14. Bg5 Qxd6 15. Qh4 e4 16. Be7 Qb6 17. Bxf8 Nxf8 18. Be2 Be6 19. b3 Rc8 20. Rac1 Ng6 21. Qg5 Qa5 22. h4 h6 23. Qg3 Qxa2 24. h5 Nf8 25. Bg4 f5 26. Bh3 Rxc2 27. Ra1 Qb2 28. Rxa7 Rc1 29. Rxc1 Qxc1+ 30. Kh2 Qc8 31. Qe5 d3 32. Qd4 d2 33. g3 e3 34. Bg2 Qc2 1/2-1/2